| 000 | 01139nac a22003497a 4500 | ||
|---|---|---|---|
| 001 | BR0809519 | ||
| 003 | BR-BrBNA | ||
| 005 | 20240105123711.0 | ||
| 008 | 230509b bl.|||m| |||| 00| 0 por d | ||
| 040 |
_aBR-BrBNA _bpor _cBiblioteca Nacional de Agricultura |
||
| 072 | _aF08 | ||
| 090 | _a5212 BR0809519 | ||
| 100 | 1 | _aBarioni, L.G. | |
| 100 | 1 | _aFerreira, A.C. | |
| 110 | 1 | _aEMBRAPA Cerrados, Planaltina, DF (Brasil) | |
| 245 | 1 | _aMonitoramento da massa de forragem e altura para ajustes de taxa de lotação em fazenda agropecuária na região do cerrado | |
| 260 | 3 |
_aPlanaltina, DF (Brasil): _c2007. |
|
| 300 | _a24 p. | ||
| 490 |
_aBoletim de Pesquisa e Desenvolvimento - EMBRAPA Cerrados (Brazil) _vno. 191 _xISSN 1676-918X |
||
| 500 | _aSummaries (En, Pt); 9 illus.; 5 tables; 13 ref. | ||
| 650 | _aGADO DE CORTE | ||
| 650 | _aPECUÁRIA | ||
| 650 | _aPASTAGEM | ||
| 650 | _aFORRAGENS | ||
| 650 | _aPRODUÇÃO | ||
| 650 | _aPLANEJAMENTO | ||
| 650 | _aNUTRIÇÃO ANIMAL | ||
| 650 | _aANÁLISE ESTATÍSTICA | ||
| 650 | _aGOIÁS | ||
| 909 |
_a202312 _bLúcia Elande _c55 _dLúcia Elande |
||
| 942 |
_2AGRIS _n0 _cMS |
||
| 999 |
_c296614 _d296614 |
||